| 000 | 00440nam a22001697a 4500 | ||
|---|---|---|---|
| 005 | 20160503104239.0 | ||
| 008 | 160503b xxu||||| |||| 00| 0 eng d | ||
| 020 | _a0-07-049538-6 | ||
| 041 | _aeng | ||
| 082 | _b1159 | ||
| 100 |
_aThompson Arthur A. Stridiland A.J.III _9383 |
||
| 245 | _aStrategic Management Concept & Cares | ||
| 260 |
_aNew Delhi _bTata MC Graw Hill, _c2003 |
||
| 300 | _a787 | ||
| 650 |
_aManagement _9241 |
||
| 942 | _cBK | ||
| 999 |
_c454 _d454 |
||